| 000 | 00452pab a2200169 454500 | ||
|---|---|---|---|
| 008 | 180718b2012 xxu||||| |||| 00| 0 eng d | ||
| 100 | _aSingh, Manjit | ||
| 245 | _aPreference for migrant agricultural labour in Punjab | ||
| 260 | _c2012 | ||
| 300 | _ap.27-28. | ||
| 362 | _a21 Jul | ||
| 650 | _aAgricultural workers - India - Punjab | ||
| 650 | _aAgricultural workers | ||
| 773 | _aEconomic and Political Weekly | ||
| 908 | _aN | ||
| 909 | _a97497 | ||
| 999 |
_c97497 _d97497 |
||